000
00291nam a22001337a 4500
008
190226b xxu||||| |||| 00| 0 eng d
020
_a
9780470657324
041
_a
eng
080
_2
2nd
_a
574
100
_a
9
101
_a
MJE
245
_a
Political Ecology
_c
Robbins, P
942
_2
udc
_c
BK
999
_c
54316
_d
54316